00981nas a2200229Ia 4500001001100000003000900011008004100020040001300061040001300074041001300087100004900100210001400149222001400163245009200177250001100269260004100280501008600321300002000407362002500427500026000452650003900712R703/C4061IT-RoPAU151124c99999999xx |||||||||||| ||und|| aIT-RoPAU cIT-RoPAU aFRANCESE aFontanille JacquesgCodice Aut. SPICS: 11748 aSEMIOTICA aSemiotica aSEMIOTICA, VOL.99-N.1/2 (1994)bDes Simulacres De L'Enonciation A la Praxis Enonciative a1a ed. aBERLINbWALTER DE GRUYTER & COc1994 bPaulus - SPICS - Società San Paolo EM (non-commercial uses only)cCopyright2015 a13 p. [185-197] aVOL.99, N.1/2 (1994) aDai Simulacri dell'Enunciazione Alla Prassi Enunciativa: Riedizione di un Articolo di Recensione del Volume di Christian Metz: L'Enonciation Impersonnelle Ou le Site Du Film. Itinerario di una Visita. Rappresentazione del Processo. Metadiscorso Generalizz aSEMIOTICAvPUBBLICAZIONE PERIODICA